| 000 | 00662nam a2200253 i 4500 | ||
|---|---|---|---|
| 001 | bg | ||
| 100 | 1 | _aAugustyniak, Lucyna. | |
| 245 | 1 | 0 |
_aPracownia fizyczna / _cLucyna Augustyniak. |
| 260 |
_aGdynia : _bWydawnictwo Akademii Morskiej, _c2007. |
||
| 300 |
_a179 s. : _bil. ; _c25 cm. |
||
| 504 | _aBibliogr. s. 179. | ||
| 650 | 9 |
_aFizyka _xpomiary |
|
| 650 | 9 |
_aPomiary _xteoria |
|
| 655 | _aPodręczniki akademickie | ||
| 015 | _aPB 1390/2008 | ||
| 020 | _a9788374210232 | ||
| 040 | _cBPK | ||
| 041 | 0 | _apol | |
| 044 | _aPOL | ||
| 080 | _a53.08(075.8) | ||
| 920 | _a978-83-7421-023-2 | ||
| 942 | _cKS | ||
| 008 | 080115s2007 pl a |000 0 pol | ||
| 999 |
_c55051 _d55051 |
||
| 856 |
_uhttp://koha.tu.koszalin.pl/cgi-bin/koha/opac-detail.pl?biblionumber=55051 _yKatalog online BPK |
||